Histórias Assim (Registo nº 198387)
[ vista simples ]
| 000 -Etiqueta do registo | |
|---|---|
| Valores | 00707nam 22002293 4500 |
| 010 ## - Número ISBN | |
| ISBN | 972-708-233-5 |
| 021 ## - Número do Depósito Legal | |
| Código do país | Portugal |
| Número | 76877/94 |
| 100 ## - Dados gerais de processamento | |
| Dados gerais | 20251013d u||y0pory50 ba |
| 101 ## - Língua de publicação | |
| Língua | Português |
| 200 ## - Titulo e menção de responsabilidade | |
| Título próprio | Histórias Assim |
| Primeira menção de responsabilidade | Rudyard Kipling |
| Outras menções de responsabilidade | Tradução de Manuel Alberto |
| 210 ## - Publicação | |
| Local de publicação | Lisboa |
| Nome do editor | Relógio d'Água Editores |
| Data de publicação | 1994 |
| 215 ## - Descrição física | |
| Paginação / Volumes | 157, [3] p. : il. |
| Outras indicações físicas | Brochado |
| Dimensões | 22 cm |
| 225 ## - Colecção | |
| Título próprio da colecção | Universos Mágicos |
| 300 ## - Notas gerais | |
| Texto da nota | Contos |
| 606 ## - Nome comum usado como assunto | |
| ID Autoridade | 14336 |
| Palavra de ordem | Literatura Juvenil Inglesa |
| Subdivisão assunto | Contos |
| 675 ## - CDU | |
| Notação | 821.111-93-34/KIP/HIS |
| Edição | PT |
| Língua | por |
| 700 ## - Autor principal (pessoa individual) | |
| ID Autoridade | 253 |
| Apelido | Kipling |
| Nome | Rudyard |
| Datas | 1856-1936 |
| 801 ## - Fonte de origem | |
| País | PT |
| Agência | BMMN |
| Regras de catalogação | RPC |
| 830 ## - Notas gerais do catalogador | |
| Criado por | Carlos Pinto |
| Data de criação | 13-10-2025 |
| Indexado por | Carlos Pinto |
| 990 ## - Elementos KOHA | |
| Tipo de documento | Livro |
| Situação do levantamento | Biblioteca de origem | Código de barras | Cota | Permissão de empréstimo | Tipo de documento | Forma de aquisição |
|---|---|---|---|---|---|---|
| Escola Secundária de Montemor-o-Novo | 26648 | 821.111-93-34/KIP/HIS | Livro | Compra |